Hormigón armado

Spremljeno u:
Bibliografski detalji
Glavni autori: Jiménez Montoya, Pedro (Autor), García Meseguer, Álvaro (Autor), Morán Cabré, Francisco (Autor)
Format: Knjiga
Jezik:španjolski
Izdano: Barcelona Gustavo Gili 2000
Izdanje:14a. ed
Teme:
Oznake: Dodaj oznaku
Bez oznaka, Budi prvi tko označuje ovaj zapis!

MARC

LEADER 00000nam a2200000 a 4500
001 UCI2946
003 CL-VaPUC
008 071005e20000000SP |||||||||||||||||spa|d
020 |a 842521825X 
082 0 4 |a 693.54  |b JIM  |2 21 
100 |a Jiménez Montoya, Pedro  |e author  |9 524215 
700 |a García Meseguer, Álvaro  |e author  |9 524216 
700 0 |a Morán Cabré, Francisco  |e author  |9 524217 
245 1 0 |a Hormigón armado 
250 |a 14a. ed 
300 |a 844 p 
942 |c BK 
945 |d 20071005 00:00:00  |a cmena 
260 |a Barcelona  |b Gustavo Gili  |c 2000 
500 |a Edición basada en la EHE, ajustada al código modelo y al Eurocódigo 
650 0 |a Hormigones  |9 262546 
650 7 |a CONSTRUCCIONES DE HORMIGON ARMADO  |2 CL-VaPUC  |9 260725 
650 0 |a Normalización  |9 262666 
650 0 |a Elementos estructurales  |9 350100 
650 0 |a Control de calidad   |9 259714 
650 0 |a Resistencia de materiales  |9 260095 
583 |a last modification  |c 20160921 10:35:16  |k Rodrigo Vera 
999 |c 327355  |d 327353 
952 |0 0  |1 0  |4 0  |6 693_540000000000000_JIM_2000  |7 0  |8 A  |9 410099  |a BIBARQ  |b BIBARQ  |d 2019-11-22  |i 4334310  |o 693.54 JIM 2000  |p 4334310  |r 2025-01-20  |w 2019-11-22  |y BK  |k ARQ